Países e Territórios do Caribe - Statistics

Estatísticas Gerais
  • Esse quiz foi jogado 410 vezes
  • A pontuação média é 21 de 37
Estatísticas das Respostas
O que é? "País" % Correto
Nação soberana Haiti
87%
Nação soberana Cuba
86%
Nação soberana Jamaica
85%
Nação soberana República Dominicana
84%
Nação soberana Trinidad e Tobago
84%
Nação soberana Dominica
81%
Nação soberana Granada
81%
Nação soberana Santa Lúcia
80%
Nação soberana Antígua e Barbuda
79%
Nação soberana Barbados
79%
Nação soberana São Vicente e Granadinas
78%
Nação soberana São Cristóvão e Nevis
76%
Território dos EUA Porto Rico
73%
Nação soberana Belize
68%
Nação soberana Costa Rica
67%
Nação soberana Panamá
65%
Nação soberana Honduras
63%
Nação soberana Guatemala
62%
Nação soberana Nicarágua
61%
País Holandês Curaçao
58%
País Holandês Aruba
55%
Território ultramarino Britânico Ilhas Virgens Britânicas
52%
Territóeio dos EUA Ilhas Virgens Americanas
51%
Nação soberana México
48%
Território ultramarino Britânico Ilhas Cayman
42%
Região ultramarina Francesa Martinica
42%
Nação soberana Colômbia
37%
Região ultramarina Francesa Guadalupe
37%
Nação soberana Venezuela
37%
Território ultramarino Britânico Anguilla
33%
Municipalidade especial Holandesa Bonaire
30%
País Holandês São Martinho
29%
Coletivo ultramarino Francês São Martinho
29%
Coletivo ultramarino Francês São Bartolomeu
20%
Municipalidade especial Holandesa Saba
15%
Municipalidade especial Holandesa Santo Eustáquio
9%
Território ultramarino Britânico Monserrate
7%
Nenhum quiz correspondente encontrado
Distribuição das Pontuações
Porcentagem de Pessoas com Cada Pontuação
Percentil de Números Respondidos
Sua Pontuação Histórica
Você não jogou esse quiz